Historical social research: HSR = Historische Sozialforschung / Supplement
| Corporate Author: | |
|---|---|
| Format: | Print Series/Journal |
| Language: | German Undetermined language |
| Published: |
Köln
Zentrum für Historische Sozialforschung
früher
Mannheim Köln Berlin GESIS - Leibniz Institute for the Social Sciences 1988- |
| In: | Year: 1988 |
| Check availability: | HBZ Gateway |
| Subito Delivery Service: | Order now. |
| Keywords: | |
| Parallel Edition: | Electronic
|
MARC
| LEADER | 00000cas a2200000 c 4500 | ||
|---|---|---|---|
| 001 | 130413224 | ||
| 003 | DE-627 | ||
| 005 | 20260207115137.0 | ||
| 007 | tu | ||
| 008 | 931116c19889999gw z| m| 0 |0ger c | ||
| 015 | |a 07,B41,0048 |2 dnb | ||
| 016 | 7 | |a 013609076 |2 DE-101 | |
| 016 | 7 | |a 623142-1 |2 DE-600 | |
| 022 | |a 0936-6784 | ||
| 022 | |y 0963-6784 | ||
| 035 | |a (DE-627)130413224 | ||
| 035 | |a (DE-603)04794370X | ||
| 035 | |a (DE-576)022912487 | ||
| 035 | |a (DE-599)ZDB623142-1 | ||
| 035 | |a (OCoLC)635326132 | ||
| 040 | |a DE-627 |b ger |c DE-627 |e rakwb | ||
| 041 | |a ger |a und | ||
| 044 | |c XA-DE | ||
| 050 | 0 | |a HM1 | |
| 050 | 0 | |a D16 | |
| 082 | 0 | 4 | |a 300 |q DE-101 |
| 082 | 0 | 4 | |a 900 |q DE-600 |
| 084 | |a 2,1 |2 ssgn | ||
| 084 | |a 70.00 |2 bkl | ||
| 222 | 0 | |a Historical social research. Supplement | |
| 245 | 0 | 0 | |a Historical social research |b HSR = Historische Sozialforschung |n Supplement |c publ. by: GESIS - Leibniz Institute for the Social Sciences |
| 246 | 1 | |i Ansetzungssachtitel |a Historical social research / Supplement | |
| 246 | 3 | 1 | |a Historische Sozialforschung |
| 246 | 3 | 3 | |a HSR |
| 247 | 1 | 0 | |a Beiheft |f Parallele sachl. Benennung teils |
| 264 | 2 | 1 | |a Köln |b Zentrum für Historische Sozialforschung |c früher |
| 264 | 3 | 1 | |a Mannheim |a Köln |a Berlin |b GESIS - Leibniz Institute for the Social Sciences |c 1988- |
| 336 | |a Text |b txt |2 rdacontent | ||
| 337 | |a ohne Hilfsmittel zu benutzen |b n |2 rdamedia | ||
| 338 | |a Band |b nc |2 rdacarrier | ||
| 362 | 0 | |a Nr. 1.1988 - | |
| 363 | 0 | 1 | |a 1 |i 1988 |
| 365 | |b kart. | ||
| 500 | |a Teils fehlerhafte ISSN: 0963-6784 | ||
| 500 | |a Einzelne Bände zugleich Bände von: Historical social research | ||
| 500 | |a Beteil. Körp. anfangs: Center for Historical Social Research | ||
| 650 | 0 | |a Sociology | |
| 650 | 0 | |a Social History | |
| 650 | 0 | |a Social Sciences |x Methodology | |
| 655 | 7 | |a Monografische Reihe |0 (DE-588)4179998-7 |0 (DE-627)104628669 |0 (DE-576)209995106 |2 gnd-content | |
| 689 | 0 | 0 | |d s |0 (DE-588)4113924-0 |0 (DE-627)105825867 |0 (DE-576)209480505 |a Historische Sozialforschung |2 gnd |
| 689 | 0 | |5 DE-101 | |
| 689 | 0 | |5 (DE-627) | |
| 710 | 2 | |a Zentrum für Historische Sozialforschung |e Herausgebendes Organ |0 (DE-588)2060002-1 |0 (DE-627)103359958 |0 (DE-576)192060465 |4 isb | |
| 776 | 0 | 8 | |i Erscheint auch als |n Online-Ausgabe |t Historical social research |d Mannheim : GESIS, 1988 |h Online-Ressource |w (DE-627)679785930 |w (DE-600)2641952-X |w (DE-576)35549969X |k Electronic |
| 889 | |w (DE-603)020140002 | ||
| 889 | |w (DE-576)437585867 | ||
| 889 | |w (DE-576)475167554 | ||
| 889 | |w (DE-627)1876715162 | ||
| 935 | |a BGTS | ||
| 935 | |i sdedup20221003 | ||
| 936 | b | k | |a 70.00 |j Sozialwissenschaften allgemein: Allgemeines |0 (DE-627)106411462 |
| 936 | s | n | |a m200 |2 mzub |
| 951 | |a ST | ||
| ELC | |b 1 | ||
| LOK | |0 000 xxxxxcy a22 3n 4500 | ||
| LOK | |0 001 2470083834 | ||
| LOK | |0 003 DE-627 | ||
| LOK | |0 004 130413224 | ||
| LOK | |0 005 20031114000000 | ||
| LOK | |0 008 950524||||||||||||||||ger||||||| | ||
| LOK | |0 035 |a (DE-600)033655081 | ||
| LOK | |0 040 |a DE-21 |c DE-627 |d DE-21 | ||
| LOK | |0 852 |8 1 | ||
| LOK | |0 852 |a DE-21 | ||
| LOK | |0 852 1 |c ZB 1671 |9 00 | ||
| LOK | |0 85900 |8 1.1 |a 1 |i 1988 | ||
| LOK | |0 85910 |8 1.2 |a 3 |i 1990 | ||
| LOK | |0 86630 |a 1.1988 - 3.1990 | ||
| LOK | |0 866 0 |z Angeb. an Hauptzeitschr. - ZLS-WZ | ||
| LOK | |0 939 |a 24-05-95 |b z01 | ||
| LOK | |0 000 xxxxxcy a22 3n 4500 | ||
| LOK | |0 001 2470083842 | ||
| LOK | |0 003 DE-627 | ||
| LOK | |0 004 130413224 | ||
| LOK | |0 005 20031114000000 | ||
| LOK | |0 008 010331||||||||||||||||ger||||||| | ||
| LOK | |0 035 |a (DE-600)03365509X | ||
| LOK | |0 040 |a DE-21 |c DE-627 |d DE-21 | ||
| LOK | |0 852 |8 2 | ||
| LOK | |0 852 |a DE-21 | ||
| LOK | |0 852 1 |c ZA 8492 |9 00 | ||
| LOK | |0 85900 |8 1.1 |a 4 |i 1991 | ||
| LOK | |0 85910 |8 1.2 |a 6 |i 1994 | ||
| LOK | |0 86630 |a 4.1991 - 6.1994 | ||
| LOK | |0 866 0 |z Forts., soweit vh., unter Einzelsign. - ZLS-WZ | ||
| LOK | |0 939 |a 31-03-01 |b z02 | ||
| LOK | |0 000 xxxxxcx a22 zn 4500 | ||
| LOK | |0 001 2529933669 | ||
| LOK | |0 003 DE-627 | ||
| LOK | |0 004 130413224 | ||
| LOK | |0 005 20070320160303 | ||
| LOK | |0 008 070320||||||||||||||||ger||||||| | ||
| LOK | |0 040 |a DE-21-52 |c DE-627 |d DE-21-52 | ||
| LOK | |0 852 |a DE-21-52 | ||
| LOK | |0 852 1 |m p |9 00 | ||
| LOK | |0 938 |k p | ||
| LOK | |0 939 |a 20-03-07 |b l01 | ||
| LOK | |0 000 xxxxxcx a22 zn 4500 | ||
| LOK | |0 001 255241009X | ||
| LOK | |0 003 DE-627 | ||
| LOK | |0 004 130413224 | ||
| LOK | |0 005 20240704103448 | ||
| LOK | |0 008 071004||||||||||||||||ger||||||| | ||
| LOK | |0 040 |a DE-21-85 |c DE-627 |d DE-21-85 | ||
| LOK | |0 852 |a DE-21-85 | ||
| LOK | |0 852 1 |m p |9 00 | ||
| LOK | |0 935 |a k085 |a i085 |a kneu |a isda | ||
| LOK | |0 938 |k p | ||
| LOK | |0 939 |a 04-10-07 |b l01 | ||
| LOK | |0 000 xxxxxcx a22 zn 4500 | ||
| LOK | |0 001 2553573332 | ||
| LOK | |0 003 DE-627 | ||
| LOK | |0 004 130413224 | ||
| LOK | |0 005 20161103142657 | ||
| LOK | |0 008 071017||||||||||||||||ger||||||| | ||
| LOK | |0 040 |a DE-21-32c |c DE-627 |d DE-21-32c | ||
| LOK | |0 852 |a DE-21-32c | ||
| LOK | |0 852 1 |c C 207-Suppl. |m p |9 00 | ||
| LOK | |0 935 |a k32c | ||
| LOK | |0 938 |k p | ||
| LOK | |0 939 |a 17-10-07 |b l01 | ||
| ORI | |a SA-MARC-krimdoka001.raw | ||
